000 00558nam a22001937a 4500
003 MPLRDC
005 20220104143441.0
008 210129b ||||| |||| 00| 0 eng d
020 _a978-986-216-993-3
082 _a177.2 CHR
100 _aCLAYTON M. CHRISTENSEN,JAMES ALLWORTH, KAREN DILLON
245 _a你要如何衡量你的人生
_c廖月娟 译
250 _a一版九刷
260 _a台湾
_b天下远见出版股份有限公司
_c2012
300 _b279
490 _a财经企管: CB484
650 _a成功法
942 _cBK
_o177.2 CHR
999 _c40029
_d40019